| 000 | 00385nam a22001337a 4500 | ||
|---|---|---|---|
| 082 |
_a620.191 _bLIU _cD |
||
| 100 |
_aEvett jack B _938780 |
||
| 245 |
_aSoil properties: testing, measurement, and evaluation _cEvett jack B |
||
| 260 |
_aNJ _bPrentice-Hall, Inc |
||
| 300 | _aix, 313 p,: | ||
| 526 |
_a0 _b0 _c0 _d620_191000000000000_LIU |
||
| 700 |
_aEvett jack B _938780 |
||
| 942 |
_2ddc _cBK |
||
| 999 |
_c545158 _d545158 |
||